IFM Opac

Auditing: (Record no. 22207)

MARC details
000 -LEADER
fixed length control field 00367nam a22001457a 4500
020 ## - INTERNATIONAL STANDARD BOOK NUMBER
ISBN 978-81-203-5098-4
082 ## - DEWEY DECIMAL CLASSIFICATION NUMBER
Classification number 657.42
100 ## - MAIN ENTRY--AUTHOR NAME
Personal name Kumar, Ravinder
245 ## - TITLE STATEMENT
Title Auditing:
Sub Title Principles and Practice,
250 ## - EDITION STATEMENT
Edition statement 3rd
260 ## - PUBLICATION, DISTRIBUTION, ETC. (IMPRINT)
Place of publication Delhi:
Name of publisher PHI Learning Private Limited,
Year of publication 2023
300 ## - PHYSICAL DESCRIPTION
Number of Pages xix, 556p.: ill.; 24cm
700 ## - ADDED ENTRY--PERSONAL NAME
Personal name Sharma, Virender
942 ## - ADDED ENTRY ELEMENTS (KOHA)
Koha item type Books
Holdings
Withdrawn status Lost status Damaged status Not for loan Collection code Permanent Location Current Location Shelving location Date acquired Source of acquisition Full call number Accession Number Price effective from Koha item type
        Non-fiction IFM Main Campus Library IFM Main Campus Library Work Room processing 01/23/2026 Purchased 657.42 KUM 0000030372 01/23/2026 Books